Introduction to electric circuits / (Record no. 180803)
[ view plain ]
| 000 -LEADER | |
|---|---|
| fixed length control field | 00634 a2200205 4500 |
| 003 - CONTROL NUMBER IDENTIFIER | |
| control field | Nust |
| 005 - DATE AND TIME OF LATEST TRANSACTION | |
| control field | 20221103140449.0 |
| 010 ## - LIBRARY OF CONGRESS CONTROL NUMBER | |
| LC control number | 75033032 |
| 020 ## - INTERNATIONAL STANDARD BOOK NUMBER | |
| International Standard Book Number | 0134812263 |
| 040 ## - CATALOGING SOURCE | |
| Transcribing agency | Nust |
| 082 00 - DEWEY DECIMAL CLASSIFICATION NUMBER | |
| Classification number | 621.3192,JAC |
| 100 1# - MAIN ENTRY--PERSONAL NAME | |
| Personal name | Jackson, Herbert W. |
| 9 (RLIN) | 102327 |
| 245 10 - TITLE STATEMENT | |
| Title | Introduction to electric circuits / |
| Statement of responsibility, etc. | Herbert W. Jackson. |
| 250 ## - EDITION STATEMENT | |
| Edition statement | 4th ed. |
| 260 ## - PUBLICATION, DISTRIBUTION, ETC. | |
| Place of publication, distribution, etc. | Englewood Cliffs, N.J. : |
| Name of publisher, distributor, etc. | Prentice-Hall, |
| Date of publication, distribution, etc. | c1976. |
| 300 ## - PHYSICAL DESCRIPTION | |
| Extent | xiv, 673 p. : |
| Other physical details | ill. ; |
| Dimensions | 25 cm. |
| 505 ## - FORMATTED CONTENTS NOTE | |
| Formatted contents note | Part 1: Electricity and Magnetism (Page-1), Part 2: Circuit Analysis Techniques (Page-407). |
| 650 #0 - SUBJECT ADDED ENTRY--TOPICAL TERM | |
| Topical term or geographic name entry element | Electric circuits. |
| 9 (RLIN) | 10997 |
| 942 ## - ADDED ENTRY ELEMENTS (KOHA) | |
| Source of classification or shelving scheme | |
| Koha item type | Book |
| Withdrawn status | Lost status | Source of classification or shelving scheme | Damaged status | Not for loan | Permanent Location | Current Location | Shelving location | Date acquired | Full call number | Barcode | Date last seen | Price effective from | Koha item type | Public note |
|---|---|---|---|---|---|---|---|---|---|---|---|---|---|---|
| Military College of Signals (MCS) | Military College of Signals (MCS) | General Stacks | 12/12/2016 | 621.3192,JAC | MCS5563 | 12/08/2016 | 12/12/2016 | Book | Almirah No.29, Shelf No.6 |
